| 000 | 00617nam a2200217 u 4500 | ||
|---|---|---|---|
| 001 | 000032401 | ||
| 003 | DO-SdBNP | ||
| 005 | 20220504093000.0 | ||
| 007 | ta | ||
| 008 | 110715s2011 dr a 000 0 spa d | ||
| 020 | _a8484002756 | ||
| 040 |
_aDO-SdBNP _bspa _cBNPHU |
||
| 082 | 4 | _222 | |
| 100 | 1 |
_aLovatón Sanz, Zaida de _958370 |
|
| 245 | 1 | 0 |
_a100 recetas y más de doña Zaida / _cZaida Lovatón de Sanz. |
| 246 | 1 | 0 | _aCien recetas y más de doña Zaida |
| 260 |
_aSanto Domingo : _bProducciones Zamax, _c2011. |
||
| 300 |
_a168 p. : _bil. ; _c23 cm. |
||
| 590 | _aInventariado, 2022/BT | ||
| 942 |
_2ddc _cLBS1 |
||
| 999 |
_c31892 _d31892 |
||